000 00267nam a22001097a 4500
008 170118b xxu||||| |||| 00| 0 eng d
020 _a9780874934960
041 _aeng
080 _a618.2
245 _aADVANCED CARDIOVASCULAR LIFE SUPPORT
_cFIELD, J.M
942 _2udc
_cBK
999 _c3123
_d3123